58 clubs Français en 2018-2019 - Statistiques

Statistiques générales
  • Ce quiz a été pris 198 fois
  • Le résultat moyen est 40 sur 58
Statistiques - réponses
Ligue Réponse % Correct
Ligue 1 Paris Saint-Germain
100%
Ligue 1 Olympique de Marseille
99%
Ligue 1 LOSC
97%
Ligue 1 Girondins de Bordeaux
96%
Ligue 1 Olympique Lyonnais
96%
Ligue 1 Toulouse FC
95%
Ligue 1 OGC Nice
94%
Ligue 1 AS Saint-Etienne
93%
Ligue 1 RC Strasbourg Alsace
93%
Ligue 1 Stade Rennais FC
93%
Ligue 1 FC Nantes
92%
Ligue 1 Montpellier Hérault SC
92%
Ligue 2 Paris FC
91%
Ligue 2 Stade Brestois 29
91%
Ligue 1 AS Monaco
90%
Ligue 1 Amiens SC
89%
Ligue 2 RC Lens
87%
Ligue 1 SM Caen
87%
Ligue 1 EA Guingamp
85%
Ligue 2 FC Metz
85%
Ligue 1 Angers SCO
84%
Ligue 1 Dijon FCO
84%
Ligue 2 Grenoble Foot 38
83%
Ligue 1 Nimes Olympique
83%
Ligue 1 Stade de Reims
83%
Ligue 2 AC Ajaccio
81%
Ligue 2 AS Nancy Lorraine
81%
Ligue 2 Le Havre AC
80%
National Lyon Duchère AS
80%
Ligue 2 FC Lorient
79%
Ligue 2 Clermont Foot 63
77%
Ligue 2 Valenciennes FC
77%
Ligue 2 AJ Auxerre
76%
Ligue 2 US Orléans
74%
National Le Mans FC
70%
Ligue 2 Red Star FC
70%
Ligue 2 ES Troyes AC
69%
National Tours FC
66%
Ligue 2 FC Sochaux-Montbéliard
65%
Ligue 2 Chamois niortais FC
58%
National Stade lavallois
58%
National Pau FC
57%
National USL Dunkerque
57%
Ligue 2 LB Chateauroux
56%
National US Boulogne CO
54%
Ligue 2 AS Béziers
44%
Ligue 2 GFC Ajaccio
44%
National Rodez Aveyron Football
42%
National FC Chambly Oise
37%
National US Quevilly-Rouen
37%
National Bourg-en-Bresse 01
30%
National US Avranches
25%
National US Concarneau
24%
National SO Cholet
20%
National FC Villefranche Beaujolais
15%
National Marignane Gignac FC
11%
National JA Drancy
10%
National Entente SSG
8%
Aucun quiz correspondant
Distribution des résultats
% des personnes avec chaque résultat
Percentile par nombre de réponses
Votre historique - résultats
Vous n’avez pas pris ce quiz